| 000 | 00800nam a2200241Ia 4500 | ||
|---|---|---|---|
| 003 | OSt | ||
| 005 | 20220923221543.0 | ||
| 006 | a|||||r|||| 00| 0 | ||
| 007 | ta | ||
| 008 | 220922b |||||||| |||| 00| 0 hin d | ||
| 024 | _a198,104 | ||
| 037 | _cTextual | ||
| 040 |
_aARTS _cARTS _bhin |
||
| 041 |
_2hin _ahin |
||
| 082 | _aP15201DI:g, M9 | ||
| 100 | _aभाटी, नारायण सिंह | ||
| 245 | 0 | _aप्राचीन डिगंल गीत साहित्य | |
| 246 | _aPrāchīn ḍiganla gīt sāhitya | ||
| 260 |
_aराजस्थ्।ानी _b ग्रन्थ्।ागार _c1989 |
||
| 300 |
_a332पृ. _ccm. |
||
| 942 |
_hP15201DI:g, M9 _cTEXL _2CC |
||
| 999 |
_c349973 _d349973 |
||